Vzťah rady školy a zriaďovateľa
Podľa zákona č. 596/2003 Z. z. školskú samosprávu vykonávajú: rada školy alebo rada školského zariadenia, obecná školská rada, územná školská rada a žiacka školská rada. Ich úlohou je presadzovať verejné záujmy, záujmy žiakov, rodičov, pedagogických zamestnancov a ostatných zamestnancov v oblasti vý...
Uložené v:
| Hlavný autor: | |
|---|---|
| Médium: | Kapitola |
| Jazyk: | Slovak |
| Predmet: | |
| Tagy: |
Žiadne tagy, Buďte prvý, kto otaguje tento záznam!
|
MARC
| LEADER | 00000naa a2200000 4500 | ||
|---|---|---|---|
| 001 | 0241826 | ||
| 005 | 20180409104256.9 | ||
| 041 | 0 | |a slo | |
| 044 | |a SK | ||
| 245 | 1 | 0 | |a Vzťah rady školy a zriaďovateľa |c Mária Stanislavová |
| 520 | |a Podľa zákona č. 596/2003 Z. z. školskú samosprávu vykonávajú: rada školy alebo rada školského zariadenia, obecná školská rada, územná školská rada a žiacka školská rada. Ich úlohou je presadzovať verejné záujmy, záujmy žiakov, rodičov, pedagogických zamestnancov a ostatných zamestnancov v oblasti výchovy a vzdelávania. | ||
| 610 | 2 | 0 | |a legislatíva |
| 610 | 2 | 0 | |a školstvo |
| 610 | 2 | 0 | |a školy |
| 610 | 2 | 0 | |a manažment |
| 100 | 1 | |a Stanislavová, Mária | |